000
00250nam a22001217a 4500
041
_a
ENG
100
_a
Deshamukh.S
245
_a
Baromass
260
_a
Pune
_b
Kontinatal Prakashan
_c
2007
300
_a
363
650
_a
Marathi
856
_u
Marathi ( 33 )
999
_c
2222
_d
2222